Statistics for English Adverbs Ending with the Suffix -ly

Click here to take the quiz!

General Stats

  • This quiz has been taken 15 times
  • The average score is 3 of 30

Answer Stats

HintAnswer% Correct
AdverbQuickly
73%
AdverbSlowly
73%
AdverbHappily
36%
AdverbActually
18%
AdverbEasily
18%
AdverbObviously
18%
AdverbRarely
18%
AdverbReally
18%
AdverbSimply
18%
AdverbUsually
18%
AdverbCurrently
9%
AdverbFormerly
9%
AdverbAnonymously
0%
AdverbBriefly
0%
AdverbCetainly
0%
AdverbCharacteristically
0%
AdverbEspecially
0%
AdverbExactly
0%
AdverbExtremely
0%
AdverbHistorically
0%
AdverbNobly
0%
AdverbParticularly
0%
AdverbPoorly
0%
AdverbPreviously
0%
AdverbProbably
0%
AdverbRecently
0%
AdverbSpecifically
0%
AdverbTemporarily
0%
AdverbTriply
0%
AdverbTypically
0%

Score Distribution

Percentile by Number Answered

Percent of People with Each Score

Your Score History

You have not taken this quiz